Statistics for FIFA 23 TOTY Honourable Mentions, 12th Man, SBC and co

Click here to take the quiz!

General Stats

  • This quiz has been taken 128 times
    (118 since last reset)
  • The average score is 18 of 26

Answer Stats

ratposclubplayer% Correct
TOTY 12th Man96STManchester CityErling Haaland
99%
TOTY Honourable Mentions92STTottenham HotspurHarry Kane
96%
TOTY Honourable Mentions91LWReal MadridVinícius Júnior
92%
TOTY Honourable Mentions90CMBarcelonaPedri
89%
TOTY Honourable Mentions91LBManchester CityJoão Cancelo
88%
TOTY Honourable Mentions89RMArsenalBukayo Saka
87%
TOTY Honourable Mentions89GKAC MilanMike Maignan
86%
TOTY Honourable Mentions OBJ90GKAston VillaEmiliano Martínez
81%
TOTY Honourable Mentions88LBBayern MunichAlphonso Davies
80%
TOTY Honourable Mentions88CAMReal BetisNabil Fekir
77%
TOTY Honourable Mentions89CMReal MadridFederico Valverde
75%
TOTY Honourable Mentions91CBChelseaKalidou Koulibaly
73%
Flashback SBC91CBParis Saint-GermainSergio Ramos
73%
Flashback SBC93LWBayern MunichSadio Mané
69%
TOTY Honourable Mentions87CBJuventusGleison Bremer
67%
Flashback SBC90CMJuventusPaul Pogba
66%
End of an Era SBC93RWLos Angeles FCGareth Bale
63%
TOTY Honourable Mentions SBC88CMRC LensSeko Fofana
60%
TOTY Honourable Mentions OBJ88CBBenficaNicolás Otamendi
59%
Moments OBJ Player88CMManchester Cityİlkay Gündoğan
57%
Flashback SBC88CMArsenalJorginho
55%
Moments SBC90STTottenham HotspurRicharlison
55%
TOTY Honourable Mentions OBJ87RMSC FreiburgRitsu Doan
41%
TOTY Honourable Mentions OBJ87CMAngers SCOAzzedine Ounahi
34%
Moments SBC88STEintracht FrankfurtRafael Borré
34%
Moments SBC87STClub BruggeFerran Jutglà
24%

Score Distribution

Percentile by Number Answered

Percent of People with Each Score

Your Score History

You have not taken this quiz since the last reset